Statistics for The Great Lakes

Click here to take the quiz!

General Stats

  • This quiz has been taken 38 times
  • The average score is 5 of 5

Answer Stats

Answer % Correct
Lake Michigan
100%
Lake Huron
93%
Lake Erie
93%
Lake Superior
93%
Lake Ontario
89%

Score Distribution

Percentile by Number Answered

Percent of People with Each Score

Your Score History

You have not taken this quiz